Confidencias incomunicables / (Record no. 35913)

MARC details
000 -LEADER
campo de control de longitud fija 00698nam a2200217 i 4500
001 - NÚMERO DE CONTROL
campo de control 35913
003 - IDENTIFICADOR DE NÚMERO DE CONTROL
campo de control ES-MaACL
005 - FECHA Y HORA DE LA ÚLTIMA TRANSACCIÓN
campo de control 20230906155237.0
007 - CAMPO FIJO DE DESCRIPCIÓN FÍSICA--INFORMACIÓN GENERAL
campo de control de longitud fija t|
008 - DATOS DE LONGITUD FIJA--INFORMACIÓN GENERAL
campo de control de longitud fija 030214s1968 sp ||||1| spa d
080 ## - NÚMERO DE LA CLASIFICACIÓN DECIMAL UNIVERSAL
Número de la Clasificación Decimal Universal 84-312.1"19"
100 1# - ENTRADA PRINCIPAL--NOMBRE DE PERSONA
Nombre de persona Bourbon Busset, Jacques.
9 (RLIN) 30947
245 10 - MENCIÓN DEL TÍTULO
Título Confidencias incomunicables /
Mención de responsabilidad, etc. Jacques Bourbon Busset ; [traducción por Juan Bris Montes].
260 ## - PUBLICACIÓN, DISTRIBUCIÓN, ETC.
Lugar de publicación, distribución, etc. Madrid :
Nombre del editor, distribuidor, etc. Magisterio Español,
Fecha de publicación, distribución, etc. [1968]
300 ## - DESCRIPCIÓN FÍSICA
Extensión 169 p. :
Otras características físicas il. ;
Dimensiones 18 cm.
490 1# - MENCIÓN DE SERIE
Mención de serie Novelas y cuentos. Literatura ;
Designación de volumen o secuencia 21
700 1# - ENTRADA AGREGADA--NOMBRE PERSONAL
Nombre de persona Bris Montes, Juan.
9 (RLIN) 173038
830 1# - PUNTO DE ACCESO ADICIONAL DE SERIE-TÍTULO UNIFORME
Título uniforme Novelas y cuentos. Literatura ;
Designación de volumen o secuencia 21
9 (RLIN) 229555
852 ## - LOCALIZACIÓN
Ubicación ES-MaACL
Número de control de estantería C-34808
Holdings
Estatus retirado Estado de pérdida Estado de daño No para préstamo Biblioteca de origen Biblioteca actual Ubicación en estantería Fecha de adquisición Fuente de adquisición Total de préstamos Signatura topográfica completa Código de barras Visto por última vez Precio de reemplazo Tipo de ítem Koha
        Biblioteca del Ateneo de Madrid Biblioteca del Ateneo de Madrid Depósito 2 17/01/2008     C-34808 1037648 23/02/2023 23/02/2023 Libro impreso